| 000 | 00557nam a2200181 a 4500 | ||
|---|---|---|---|
| 005 | 20210219154317.0 | ||
| 008 | 030312s2001 mx r 000 0 spa d | ||
| 020 | _a0815316151 | ||
| 035 | _aUPN01000122857 | ||
| 049 | _aC | ||
| 050 | 4 |
_aLC189.95 _bE3.8 |
|
| 245 | 0 | 0 |
_aEducation and sociology an encyclopedia / _ced. David L. Levinson, Peter W. Cookson, Alan R. Sadovnik. |
| 260 |
_aNew York : _aLondon : _bRoutledge Falmer, _c2001. |
||
| 300 | _axix, 734 p. | ||
| 650 | 4 |
_aSOCIOLOGÍA DE LA EDUCACIÓN - _vDICCIONARIOS |
|
| 902 | _a/cav | ||
| 905 | _aLibro | ||
| 999 |
_c95040 _d95040 |
||